000 00353nam a2200133Ia 4500
008 150202s9999 xx 000 0 und d
020 _a373825064
050 _aFIC
_bFIC
100 _awarren, Pat.
245 _aWelcome to Tyler /
_cPat Warren.
260 _aNew York :
_bHarlequin Books,
_c1992.
300 _a301 pages :
_c18 cm.
650 _aFiction.
999 _c282457
_d282457